000 00324nam a2200133Ia 4500
008 150201s2007 xx 000 0 und d
082 _a611
_bI07W
100 _aWEIR,JAMIE
245 _aIMAGING ATLAS OF HUMAN ANATOMY
250 _a3RD
260 _bMOSBY ELSEVIER
_aDELHI
_c2007
650 _aHUMAN ANATOMY
942 _2ddc
_cBK
999 _c1189
_d1189